Pays d'Europe - Statistiques

Statistiques générales
  • Ce quiz a été pris 331 fois
  • Le résultat moyen est 5 sur 16
Answers on the Grid
Answers color-coded by a green-red scale on the quiz's grid according to % correct below.
France
Argentine
Russie
Ukraine
Royaume uni
Perou
Allemagne
Suisse
Inde
Japon
Canada
Albanie
Lettonie
Maroc
Algérie
Turquie
USA
Pologne
Roumanie
Moldavie
Pays Bas
Norvège
Suede
Luxembourg
Grèce
Haïti
Colombie
Mexique
Jamaïque
Paraguay
 
Statistiques - réponses
Réponse % Correct
France
100%
Ukraine
57%
Allemagne
46%
Russie
41%
Suisse
37%
Grèce
27%
Norvège
25%
Roumanie
25%
Suede
24%
Lettonie
22%
Pays Bas
22%
Pologne
22%
Luxembourg
21%
Moldavie
17%
Albanie
16%
Turquie
5%
Aucun quiz correspondant
Distribution des résultats
% des personnes avec chaque résultat
Percentile par nombre de réponses
Votre historique - résultats
Vous n’avez pas pris ce quiz